Statistics for Top 15 Countries with Covid-19 Deaths - 20 October 2021

Click here to take the quiz!

General Stats

  • This quiz has been taken 19 times
  • The average score is 15 of 25

Answer Stats

country% Correct
Germany
100%
United Kingdom
100%
United States
100%
Brazil
95%
France
95%
India
89%
Russia
89%
Mexico
79%
Argentina
74%
Italy
74%
Peru
68%
Colombia
63%
South Africa
63%
Iran
58%
Indonesia
53%
Czechia
42%
Hungary
42%
Slovakia
42%
Bosnia and
Herzegovina
37%
Slovenia
32%
Bulgaria
26%
Paraguay
26%
Georgia
16%
North Macedonia
16%
Romania
16%

Score Distribution

Percentile by Number Answered

Percent of People with Each Score

Your Score History

You have not taken this quiz